| 000 | 00627cab a2200193 4500 | ||
|---|---|---|---|
| 001 | ##L133512 | ||
| 008 | 060515n2006 000 0 eng u | ||
| 035 | _a(Sirsi) u133512 | ||
| 041 | 0 | _aeng | |
| 100 | 1 | _aHipwell, Deirdre | |
| 245 | 0 | 0 |
_aKent _bregional |
| 260 | _c2006 | ||
| 490 | 0 |
_aProperty Week _v71(19) 12 May 2006, 103-117(7) |
|
| 520 | _aLooks at retail development in Folkestone; Land Securities' Kent retail schemes; and two speculative office schemes in Ashford and West Malling. | ||
| 590 | _aIKA230506 | ||
| 651 | 4 | _aKENT | |
| 690 | _aPROPERTY-COMMERCIAL PROPERTY-COMMERCIAL PROPERTY MARKET | ||
| 942 | _n0 | ||
| 999 |
_c77050 _d77050 |
||